MARC

LEADER 00000nam0a2200000 4500
001 359567
005 20231102011213.0
010 |b 1250 экз. 
035 |a (RuTPU)RU\TPU\retro\16847 
035 |a RU\TPU\retro\16846 
090 |a 359567 
100 |a 20201118d1936 km y0rusy50 ca 
101 0 |a rus 
102 |a RU 
105 |a a z 000zy 
200 1 |a Материалы по геоморфологии Ойротии (северо-восточный Алтай)  |e [сборник научных статей]  |f С. П. Суслов  |g Академия наук СССР 
210 |a Ленинград  |a Москва  |c Изд-во АН СССР  |d 1936 
215 |a 79 с.  |c ил., карты 
225 1 |a Труды совета по изучению производительных сил (СОПС) 
225 1 |a Серия Ойротская  |v Вып. 2 
606 1 |a Горные породы  |x Минералогический состав  |2 stltpush  |3 (RuTPU)RU\TPU\subj\38783  |9 59085 
606 1 |a Геология  |y Урал  |2 stltpush  |3 (RuTPU)RU\TPU\subj\69966  |9 84574 
610 1 |a Алтай 
610 1 |a реки 
610 1 |a долины 
610 1 |a водоразделы 
700 1 |a Суслов  |b С. П. 
712 0 2 |a Академия наук СССР  |b Совет по изучению производительных сил (СОПС)  |c (Москва)  |2 stltpush  |3 (RuTPU)RU\TPU\col\11794 
801 1 |a RU  |b 63413507  |c 20180418 
801 2 |a RU  |b 63413507  |c 20201013  |g RCR 
801 2 |a RU  |b 63413507  |c 20201118  |g RCR 
942 |c BK